000 00473nam a2200181 a 4500
001 1770453311609
003 YourLibrary
005 20260207140841.0
008 260207s2008##################000#0#eng##
020 _a9781847200518
082 0 4 _a332.494
_bMUL
100 1 _aMulhearn, Chris,
_eauthor.
245 1 0 _aThe Euro :
260 _bEdward Elgar Publishing,
_c2008.
650 0 _aBusiness & Economics.
942 _cENGLISH
040 _aYourLibrary
_beng
_cYourLibrary
999 _c610930
_d610930